zpět

Detail výsledku týmu

U Buriana, Třinec

Datum a čas kvízu

32.5 Celkem bodů Celkový počet nahraných bodů na tomto kvízu bez doplňovacích otázek.
6. Pořadí na kvízu Konečné umístění týmu na tomto kvízu.

Zaznamenané odpovědi

# Otázka Odpověď Body Výsledky
1. Ve vládě premiéra Petra Fialy... Helena Langšádlová 0
2. Radní jednoho evropského města... Benátky 1
3. Fanoušci seriálu Simpsonovi sm... Larry 1
4. Mobilní síť jednoho českého op... Vodafone 1
5. Jak se jmenuje hokejista, kter... David Cienciala 1
6. Sugo all'amatriciana patří mez... guanciale; pecorino 1
7. Napište zakrytou značku zobraz... Kikkoman 0
8. Když se řekne omáčka, určitě s... 15 1
9. Město Worcester dalo jméno jed... C; ločidlo 0
10. Jak se označuje tato omáčka (z... holandská omáčka; vejce Benedikt 1